| 000 | 00772nam a2200181 a 4500 | ||
|---|---|---|---|
| 008 | 160901s2014 ||||||||||||||||| || u | ||
| 050 | _aCBU-PG THESIS/HAM | ||
| 100 | _aHamapande, Remmy | ||
| 245 | 1 | 0 |
_aFaith Based Child Protection Initiatives: a cultural perspective study of three Ndola based christian churches. _cby Remmy Hamapande |
| 260 |
_aKitwe _bCopperbelt University _c2014 |
||
| 300 | _axi, 70p.: ill. | ||
| 500 | _aBibliography | ||
| 650 | _aCHRISTIAN VALUES--CHILD PROTECTION | ||
| 650 | _aCHILDREN'S RIGHTS | ||
| 650 | _aCHILDREN--STUDY AND TEACHING | ||
| 650 | _aCHILD ABUSE--PREVENTION AND CONTROL | ||
| 995 |
_aSPECIAL COLLECTIONS _e746637 _FCBU-DAG HAMMARSKJOLD INSTITUTE LIBRARY _jCBU-PG THESIS/HAM _M1 _UAVAILABLE _WSep 1, 2016 _yB2293 _ZUniversity Collection |
||
| 999 |
_c241 _d241 |
||